[Event "8th EUR-ch"]
[Site "Dresden GER"]
[Date "2007.04.13"]
[Round "10.158"]
[White "Bruned, Boris"]
[Black "Philippe, Christophe"]
[Result "1/2-1/2"]
[WhiteElo "2194"]
[BlackElo "2354"]
[EventDate "2007.04.03"]
[PlyCount "125"]

1.e4 c5 2.Nf3 e6 3.d4 cxd4 4.Nxd4 Nc6 5.Nb5 d6 6.Bf4 e5 7.Be3 Be6 8.N1c3 
a6 9.Na3 b5 10.Nd5 Rb8 11.c4 b4 12.Nc2 Nf6 13.f3 Be7 14.Be2 O-O 15.b3 Nd7 
16.Qd2 a5 17.O-O f5 18.Nxe7+ Qxe7 19.Rad1 fxe4 20.Qxd6 exf3 21.Bxf3 Qxd6 
22.Rxd6 Nd8 23.Bd5 Rxf1+ 24.Kxf1 Bxd5 25.Rxd5 Nf6 26.Rxa5 Nf7 27.Rb5 Rd8 
28.Rxb4 g5 29.c5 Nd5 30.Rc4 Kg7 31.c6 Nd6 32.Rc5 Ne4 33.Ra5 Kg6 34.c7 Nxc7
35.Rxe5 Rd1+ 36.Ne1 Nc3 37.Rxg5+ Kf6 38.Rg4 N7d5 39.Bf2 Kf5 40.Rh4 Ne4 41.
Rxh7 Rd2 42.Rf7+ Ke6 43.Rf3 Rxa2 44.Be3 Rb2 45.Bh6 Ndc3 46.h4 Rxb3 47.Bf4 
Rb5 48.g4 Nd5 49.Nd3 Nef6 50.g5 Nh5 51.Be5 Rb1+ 52.Kg2 Rd1 53.Nf4+ Ndxf4+ 
54.Bxf4 Kf5 55.Be3+ Kg4 56.Rf7 Kxh4 57.Kf2 Kg4 58.g6 Rd6 59.g7 Rg6 60.Bd4 
Kg5 61.Be3+ Kg4 62.Bd4 Kg5 63.Be3+ 1/2-1/2

[Event "8th EUR-ch"]
[Site "Dresden GER"]
[Date "2007.04.13"]
[Round "10.159"]
[White "Beck, Frederik"]
[Black "Van Hoolandt, Patrick"]
[Result "1/2-1/2"]
[WhiteElo "2334"]
[BlackElo "2205"]
[EventDate "2007.04.03"]
[PlyCount "86"]

1.e4 e5 2.Nf3 Nc6 3.d4 exd4 4.Nxd4 Nf6 5.Nc3 Bb4 6.Nxc6 bxc6 7.Bd3 d5 8.
exd5 cxd5 9.O-O O-O 10.Bg5 c6 11.Na4 h6 12.Bh4 Bd6 13.c4 Rb8 14.b3 Re8 15.
cxd5 cxd5 16.Rc1 Bf4 17.Rc2 Qd6 18.Bg3 Bxg3 19.hxg3 Bd7 20.Nc3 a5 21.Be2 
d4 22.Bc4 Bg4 23.Qd2 Qe5 24.Ne2 Rbd8 25.Nf4 Ne4 26.Qd3 Nd6 27.Rd2 g5 28.
Qg6+ Qg7 29.Qxg7+ Kxg7 30.Nd3 Ne4 31.Rc2 Nc3 32.Rd2 Re2 33.Rxe2 Bxe2 34.
Ra1 Rc8 35.Nb2 Bxc4 36.bxc4 a4 37.a3 Rb8 38.Nd3 Rb1+ 39.Rxb1 Nxb1 40.Nb2 
Nxa3 41.Kf1 d3 42.c5 Kf6 43.Nxa4 Ke5 1/2-1/2

[Event "8th EUR-ch"]
[Site "Dresden GER"]
[Date "2007.04.13"]
[Round "10.160"]
[White "Becker, Martin"]
[Black "Czap, Bernhard"]
[Result "1-0"]
[WhiteElo "2330"]
[BlackElo "2204"]
[EventDate "2007.04.03"]
[PlyCount "79"]

1.e4 e6 2.d4 d5 3.Nc3 Nf6 4.Bg5 Be7 5.e5 Nfd7 6.h4 O-O 7.Qg4 Kh8 8.Bd3 c5 
9.Nf3 f5 10.exf6 Nxf6 11.Bxf6 Rxf6 12.Ne5 c4 13.Be2 Nc6 14.Nd1 Nxe5 15.
dxe5 Rf5 16.Qg3 d4 17.f4 b5 18.Bf3 Rb8 19.Be4 Rf8 20.h5 Bb7 21.Bxh7 Qd5 
22.Rh2 Kxh7 23.Nf2 Rh8 24.O-O-O c3 25.b3 Kg8 26.h6 Bf8 27.Qg6 Rh7 28.Ng4 
Be7 29.Rxd4 Qc6 30.Nf6+ Bxf6 31.exf6 Qe8 32.Qxe8+ Rxe8 33.fxg7 Bxg2 34.Rd7
Bf3 35.Rd3 Bd5 36.Rxc3 a5 37.Rc5 Rb8 38.Kb2 Kf7 39.Rc7+ Kf6 40.g8=Q 1-0

[Event "8th EUR-ch"]
[Site "Dresden GER"]
[Date "2007.04.13"]
[Round "10.161"]
[White "Leiber, Bernard"]
[Black "Michalczak, Thomas"]
[Result "0-1"]
[WhiteElo "2190"]
[BlackElo "2325"]
[EventDate "2007.04.03"]
[PlyCount "86"]

1.d4 d5 2.Nf3 Nf6 3.g3 b5 4.Bg2 Bb7 5.Nbd2 Nbd7 6.c3 e6 7.O-O Be7 8.a4 b4 
9.c4 c5 10.cxd5 Bxd5 11.b3 cxd4 12.Nxd4 Bxg2 13.Kxg2 Nc5 14.Bb2 O-O 15.f3 
Rc8 16.Nc4 Qd7 17.e4 Rfd8 18.Qe2 Qb7 19.Rfd1 Qa6 20.Rac1 h6 21.Qe3 Nfxe4 
22.fxe4 Bg5 23.Qf3 Bxc1 24.Rxc1 Qb7 25.Na5 Qa6 26.Nc4 Qb7 27.Ne5 f6 28.Nc4
e5 29.Nf5 Rd3 30.Ncd6 Qd7 31.Qg4 Rxd6 32.Ne7+ Qxe7 33.Qxc8+ Rd8 34.Qxc5 
Rd2+ 35.Kf3 Qxc5 36.Rxc5 Rxb2 37.Ra5 Rxb3+ 38.Kg4 Kf7 39.h4 Re3 40.Rxa7+ 
Kg6 41.h5+ Kh7 42.Rb7 Rxe4+ 43.Kf3 Rc4 0-1

[Event "8th EUR-ch"]
[Site "Dresden GER"]
[Date "2007.04.13"]
[Round "10.162"]
[White "Kregelin, Jan"]
[Black "Schlawin, Marlon"]
[Result "0-1"]
[WhiteElo "2181"]
[BlackElo "2306"]
[EventDate "2007.04.03"]
[PlyCount "86"]

1.d4 e6 2.c4 Bb4+ 3.Bd2 a5 4.Nc3 Nf6 5.e4 Bxc3 6.Bxc3 Nxe4 7.Qg4 d5 8.Qxg7
Qf6 9.Qxf6 Nxf6 10.Nf3 Nc6 11.Bd3 Ne7 12.c5 b6 13.cxb6 cxb6 14.O-O Ba6 15.
Bxa6 Rxa6 16.Rfc1 Ne4 17.Be1 Ra7 18.Ne5 f6 19.Nc6 Rb7 20.f3 Nd6 21.b3 Nxc6
22.Rxc6 Kd7 23.Rc2 Rc8 24.Rxc8 Nxc8 25.Bh4 Ke7 26.Rc1 Nd6 27.Kf1 Nb5 28.
Bf2 e5 29.Rc6 Na7 30.Rc1 Kd6 31.Ke2 Nc6 32.a3 b5 33.Kd3 Rc7 34.Rc5 b4 35.
a4 f5 36.Kd2 Rg7 37.dxe5+ Nxe5 38.Rxa5 Rxg2 39.Ke2 Nc6 40.Ra6 d4 41.Kf1 d3
42.Bg3+ Kc5 43.Ke1 Nd4 0-1

[Event "8th EUR-ch"]
[Site "Dresden GER"]
[Date "2007.04.13"]
[Round "10.163"]
[White "Perlitz, Sven"]
[Black "Jahnel, Guenther"]
[Result "0-1"]
[WhiteElo "2141"]
[BlackElo "2303"]
[EventDate "2007.04.03"]
[PlyCount "68"]

1.e4 e5 2.Nf3 Nc6 3.c3 Nf6 4.d4 d5 5.Bb5 exd4 6.e5 Ne4 7.cxd4 Bb4+ 8.Nbd2 
O-O 9.O-O a5 10.Nxe4 dxe4 11.Bxc6 bxc6 12.Ng5 Qd5 13.f3 exf3 14.Nxf3 Bg4 
15.Be3 Be7 16.Qb3 Qd7 17.Rac1 Be6 18.Qa4 Bd5 19.Bg5 Bxg5 20.Nxg5 h6 21.Nh3
Rfb8 22.Rc5 Rb4 23.Qa3 Rxd4 24.Nf4 Bc4 25.e6 fxe6 26.Rxc4 Rxc4 27.Ng6 Rg4 
28.Ne7+ Kh8 29.h3 Rg5 30.h4 Qd4+ 31.Rf2 Qxh4 32.Qd3 Qg3 33.Qe4 Rd8 34.Qe2 
Qd6 0-1

[Event "8th EUR-ch"]
[Site "Dresden GER"]
[Date "2007.04.13"]
[Round "10.166"]
[White "Zelbel, Patrick"]
[Black "Grant, Jonathan"]
[Result "1-0"]
[WhiteElo "2144"]
[BlackElo "2283"]
[EventDate "2007.04.03"]
[PlyCount "71"]

1.e4 c6 2.d4 d5 3.f3 e5 4.dxe5 Bc5 5.Nc3 Ne7 6.f4 Qb6 7.Nf3 Bg4 8.h3 Bf2+ 
9.Ke2 Bxf3+ 10.Kxf3 Bd4 11.Na4 dxe4+ 12.Kxe4 Qa5 13.Qxd4 Nd7 14.Bd2 Qxa4 
15.Qxa4 Nc5+ 16.Kf3 Nxa4 17.b3 O-O-O 18.Be1 Nb6 19.Bd3 g5 20.fxg5 Ng6 21.
Bg3 Rd5 22.Rhe1 Re8 23.Bf5+ Kd8 24.c4 Nxe5+ 25.Rxe5 Rexe5 26.Bxh7 Rf5+ 27.
Bxf5 Rxf5+ 28.Ke4 Ra5 29.Be1 Rc5 30.Bf2 Ra5 31.h4 Nd7 32.Bd4 Nc5+ 33.Bxc5 
Rxc5 34.Kf4 Ke7 35.Re1+ Kf8 36.Re5 1-0

[Event "8th EUR-ch"]
[Site "Dresden GER"]
[Date "2007.04.13"]
[Round "10.167"]
[White "Stips, Felix"]
[Black "Bakalarz, Mieczyslaw"]
[Result "0-1"]
[WhiteElo "2029"]
[BlackElo "2373"]
[EventDate "2007.04.03"]
[PlyCount "78"]

1.e4 c5 2.Nf3 e6 3.d4 cxd4 4.Nxd4 Nf6 5.Nc3 d6 6.Be3 a6 7.g4 e5 8.Nf5 g6 
9.g5 gxf5 10.exf5 d5 11.Qf3 Ne4 12.Nxe4 dxe4 13.Qxe4 Nc6 14.Bc4 Qa5+ 15.
Bd2 Qc5 16.g6 hxg6 17.fxg6 f5 18.Bf7+ Kd8 19.Qd3+ Kc7 20.O-O-O Bg7 21.Bg5 
f4 22.h4 Nd4 23.c3 Bf5 24.Qc4 Qxc4 25.Bxc4 Nf3 26.Be7 Bxg6 27.Be6 Be8 28.
Bd6+ Kb6 29.b4 Bf8 30.Rh3 Bc6 31.Bg4 Bxd6 32.Rxd6 Rxh4 33.Rxh4 Nxh4 34.Rh6
Ng2 35.Kd2 e4 36.Bh3 Rd8+ 37.Kc2 Ne1+ 38.Kb3 Nd3 39.Bf5 Nxf2 0-1

[Event "8th EUR-ch"]
[Site "Dresden GER"]
[Date "2007.04.13"]
[Round "10.168"]
[White "Lyell, Mark"]
[Black "Bruned, Yvain"]
[Result "0-1"]
[WhiteElo "2203"]
[BlackElo "2339"]
[EventDate "2007.04.03"]
[PlyCount "122"]

1.e4 c5 2.c3 d5 3.exd5 Qxd5 4.d4 Nf6 5.Nf3 Bg4 6.dxc5 Qxc5 7.Na3 a6 8.Be3 
Qc7 9.Qa4+ Nbd7 10.O-O-O e5 11.Be2 e4 12.Nd4 Bxe2 13.Nxe2 Rc8 14.Rd2 Qc6 
15.Qxc6 Rxc6 16.Nc2 Ne5 17.Rhd1 Rc8 18.Nf4 Nc4 19.Re2 Bd6 20.Nd5 Nxd5 21.
Rxd5 O-O 22.Bd4 f5 23.Ne3 Bf4 24.Kc2 Nxe3+ 25.fxe3 Bc7 26.Rf2 g6 27.Rd7 
Rf7 28.Rxf7 Kxf7 29.g4 Ke6 30.gxf5+ gxf5 31.Rg2 f4 32.Kd2 f3 33.Rg7 Bxh2 
34.Rxh7 Bc7 35.Ke1 Bg3+ 36.Kf1 Rc7 37.Rh8 Rf7 38.Rg8 Bd6 39.Rg6+ Kd7 40.
Rh6 b5 41.b3 Re7 42.Rh8 Re6 43.Rh7+ Re7 44.Rh8 Bc7 45.Ra8 Rh7 46.Rg8 Rh1+ 
47.Kf2 Rh2+ 48.Kf1 Rxa2 49.Rg4 a5 50.c4 bxc4 51.bxc4 Rc2 52.Rg7+ Kc6 53.
Rg6+ Kb7 54.c5 a4 55.Rg4 a3 56.Rg7 a2 57.Rg4 Rc4 58.Bb2 Rxc5 59.Rxe4 Rc2 
60.Rb4+ Kc8 61.Bd4 Bg3 0-1

[Event "8th EUR-ch"]
[Site "Dresden GER"]
[Date "2007.04.13"]
[Round "10.169"]
[White "Natsidis, Christoph"]
[Black "Buchal, Stephan"]
[Result "1/2-1/2"]
[WhiteElo "2196"]
[BlackElo "2330"]
[EventDate "2007.04.03"]
[PlyCount "109"]

1.d4 g6 2.c4 Bg7 3.Nc3 d6 4.e4 Nf6 5.f3 O-O 6.Be3 c5 7.d5 e6 8.Bd3 exd5 9.
cxd5 Nbd7 10.Nge2 a6 11.a4 Ne5 12.O-O Bd7 13.Nc1 b5 14.Be2 Rb8 15.h3 Nh5 
16.Qe1 g5 17.axb5 axb5 18.Ra6 b4 19.Nb1 Bc8 20.Ra2 Qf6 21.b3 Nf4 22.Nd2 
Bd7 23.Nc4 Ra8 24.Nxe5 Qxe5 25.Bc4 Rxa2 26.Nxa2 f5 27.exf5 Re8 28.Bf2 Qxf5
29.Qd2 h5 30.Re1 Rxe1+ 31.Bxe1 Bd4+ 32.Bf2 Be5 33.Be3 Qb1+ 34.Nc1 Bf5 35.
h4 Bc3 36.Qa2 Bd4 37.Qd2 Bc3 38.Qf2 Bb2 39.Qf1 Bf6 40.Kh2 Qb2 41.hxg5 Bxg5
42.Ne2 Qe5 43.Bxf4 Bxf4+ 44.Nxf4 Qxf4+ 45.Kg1 h4 46.Qe1 Kf7 47.Kf2 h3 48.
gxh3 Qh2+ 49.Ke3 Qxh3 50.Kf4 Bd7 51.Qe4 Qh2+ 52.Ke3 Qg1+ 53.Ke2 Qg2+ 54.
Ke3 Qg1+ 55.Ke2 1/2-1/2

[Event "8th EUR-ch"]
[Site "Dresden GER"]
[Date "2007.04.13"]
[Round "10.170"]
[White "Lorscheid, Gerhard"]
[Black "Ringoir, Tanguy"]
[Result "1-0"]
[WhiteElo "2302"]
[BlackElo "2199"]
[EventDate "2007.04.03"]
[PlyCount "79"]

1.d4 Nf6 2.c4 c5 3.d5 e6 4.Nc3 exd5 5.cxd5 d6 6.e4 g6 7.Nge2 Bg7 8.Ng3 O-O
9.Be2 a6 10.a4 Re8 11.O-O Nbd7 12.Bg5 h6 13.Be3 h5 14.f3 Rb8 15.Qd2 Qa5 
16.Rab1 Qb4 17.Qc2 b5 18.axb5 axb5 19.Rfd1 c4 20.Ra1 Nc5 21.Ra3 Nfd7 22.
Bf2 Bb7 23.Be1 Ra8 24.Na4 Qxa4 25.Rxa4 Rxa4 26.Bc3 Ne5 27.f4 Ned3 28.Bxg7 
Kxg7 29.b3 Raa8 30.bxc4 bxc4 31.Bxd3 cxd3 32.Qc3+ f6 33.h4 Ra2 34.f5 Rc2 
35.Qd4 Ra8 36.fxg6 Kxg6 37.Rf1 Rf8 38.Nf5 Ba6 39.Qe3 Rh8 40.Qg3+ 1-0

[Event "8th EUR-ch"]
[Site "Dresden GER"]
[Date "2007.04.13"]
[Round "10.171"]
[White "Loew, Gerald"]
[Black "Kayser, Felix"]
[Result "1/2-1/2"]
[WhiteElo "2285"]
[BlackElo "2194"]
[EventDate "2007.04.03"]
[PlyCount "71"]

1.c4 b6 2.Nc3 e6 3.e4 e5 4.g3 Bb7 5.Bg2 Nf6 6.Nge2 Nc6 7.d3 Be7 8.O-O O-O 
9.h3 Ne8 10.f4 Bc5+ 11.Kh2 f6 12.a3 a5 13.Rb1 Bd6 14.Be3 Bc5 15.d4 exd4 
16.Nxd4 Nxd4 17.Bxd4 Bxd4 18.Qxd4 Nd6 19.c5 bxc5 20.Qxc5 Nf7 21.Nd5 c6 22.
Ne7+ Kh8 23.Nf5 d6 24.Qc3 Qb6 25.Rfd1 Rfd8 26.Rd2 Bc8 27.Ne3 Be6 28.Rc1 a4
29.Rd4 c5 30.Rd2 Rab8 31.Nc4 Qa7 32.Qa5 Qd7 33.Bf1 Qc6 34.Bg2 Qd7 35.Bf1 
Qc6 36.Bg2 1/2-1/2

[Event "8th EUR-ch"]
[Site "Dresden GER"]
[Date "2007.04.13"]
[Round "10.172"]
[White "Nagatz, Frank"]
[Black "Janda, Zdenek"]
[Result "1-0"]
[WhiteElo "2276"]
[BlackElo "2182"]
[EventDate "2007.04.03"]
[PlyCount "107"]

1.d4 d6 2.Nf3 g6 3.g3 Bg7 4.Bg2 Nf6 5.c4 Na6 6.O-O O-O 7.Nc3 c5 8.d5 Nc7 
9.a4 b6 10.e4 a6 11.Re1 Rb8 12.h3 b5 13.e5 Nfe8 14.axb5 axb5 15.b3 Ba6 16.
Bf1 bxc4 17.bxc4 Rb7 18.Bf4 Rb4 19.Ra4 Qb8 20.Qa1 Bc8 21.g4 f6 22.exd6 
exd6 23.Bd2 f5 24.g5 f4 25.Ra3 Bf5 26.Qd1 Qc8 27.Kh2 h6 28.Bxf4 Bg4 29.
hxg4 Rxf4 30.Ne4 Qxg4 31.Bh3 Be5 32.Bxg4 Rxf3+ 33.Kg2 Rxa3 34.Re3 Ra1 35.
Qf3 Rbb1 36.Ng3 Rg1+ 37.Kh2 Rh1+ 38.Qxh1 Rxh1+ 39.Kxh1 hxg5 40.Ne4 Ng7 41.
Rb3 Bf4 42.Rb8+ Nce8 43.Be6+ Kf8 44.Rb7 Nxe6 45.dxe6 Be5 46.Nxg5 Ng7 47.
Kg2 Nf5 48.Kf3 Bd4 49.Ke4 Ke8 50.f3 d5+ 51.Kxd5 Ne3+ 52.Ke4 Nxc4 53.Nf7 
Bf2 54.Kd3 1-0

[Event "8th EUR-ch"]
[Site "Dresden GER"]
[Date "2007.04.13"]
[Round "10.174"]
[White "Siedentopf, Daniel"]
[Black "Bakker, Sven"]
[Result "0-1"]
[WhiteElo "2178"]
[BlackElo "2253"]
[EventDate "2007.04.03"]
[PlyCount "56"]

1.d4 Nf6 2.c4 e6 3.Nc3 Bb4 4.e3 b6 5.Ne2 c5 6.a3 Ba5 7.Rb1 Na6 8.f3 Bb7 9.
e4 d5 10.cxd5 exd5 11.e5 Nd7 12.g3 O-O 13.Bh3 cxd4 14.Qxd4 Bxc3+ 15.Qxc3 
Rc8 16.Qe3 Re8 17.Bxd7 Qxd7 18.Nd4 Qh3 19.Kf2 Nc5 20.Kg1 f6 21.b4 fxe5 22.
Nb5 d4 23.Qf2 Nd3 24.Qg2 Qxg2+ 25.Kxg2 Rc2+ 26.Kh3 Bxf3 27.Rg1 Re6 28.g4 
a6 0-1

[Event "8th EUR-ch"]
[Site "Dresden GER"]
[Date "2007.04.13"]
[Round "10.175"]
[White "Schulz, Michael"]
[Black "Jaenig, Reinhard"]
[Result "1/2-1/2"]
[WhiteElo "2250"]
[BlackElo "2176"]
[EventDate "2007.04.03"]
[PlyCount "66"]

1.d4 d5 2.Bg5 c6 3.e3 Bf5 4.Bd3 Bxd3 5.Qxd3 Nd7 6.Nf3 Ngf6 7.Nbd2 e6 8.O-O
Be7 9.h3 O-O 10.c4 h6 11.Bf4 c5 12.Rfd1 cxd4 13.exd4 dxc4 14.Nxc4 Nb6 15.
Rac1 Nxc4 16.Rxc4 Nd5 17.Bg3 Qb6 18.Rdc1 Qxb2 19.Rb1 Qxa2 20.Rxb7 Qa6 21.
Qb3 Rac8 22.Rxc8 Rxc8 23.Rb8 Kh7 24.Qb1+ g6 25.Ne5 Nc3 26.Qb2 Ne2+ 27.Kh2 
Nxg3 28.fxg3 Kg7 29.Rb7 Rc2 30.Qb3 Rxg2+ 31.Kxg2 Qe2+ 32.Kg1 Qe1+ 33.Kg2 
Qe2+ 1/2-1/2

[Event "8th EUR-ch"]
[Site "Dresden GER"]
[Date "2007.04.13"]
[Round "10.176"]
[White "Startsev, Vladimir"]
[Black "Sondermann, Johannes"]
[Result "0-1"]
[WhiteElo "2248"]
[BlackElo "2173"]
[EventDate "2007.04.03"]
[PlyCount "164"]

1.e4 c5 2.d3 Nc6 3.g3 d5 4.Nd2 Nf6 5.Ngf3 dxe4 6.dxe4 Bg4 7.h3 Bh5 8.Bg2 
Qd7 9.O-O O-O-O 10.Re1 Nd4 11.g4 Nxf3+ 12.Qxf3 Bg6 13.e5 Nd5 14.e6 fxe6 
15.Nc4 Be8 16.Ne5 Qc7 17.a3 g5 18.Bxg5 Bg7 19.Qe4 Bf6 20.Bc1 Rf8 21.c4 Nb6
22.Bf4 Rd4 23.Qe3 Nxc4 24.Nxc4 Qxf4 25.Qxf4 Rxf4 26.Re4 Rxf2 27.Kxf2 Bxb2+
28.Kg3 Bxa1 29.Rxe6 Bf7 30.Re4 Bd5 31.Re1 Bxg2 32.Kxg2 Bf6 33.a4 Rd8 34.
Re4 Rd4 35.Rxd4 Bxd4 36.Kf3 Kd7 37.Ke4 e6 38.h4 Bf2 39.h5 Bh4 40.Ne5+ Ke7 
41.Nf3 Bg3 42.g5 Kf7 43.Nd2 b6 44.Nc4 Bc7 45.Kf3 a6 46.Na3 e5 47.Ke4 Ke6 
48.Nc4 b5 49.axb5 axb5 50.Ne3 Bd8 51.g6 hxg6 52.hxg6 Bf6 53.Nd5 b4 54.Nc7+
Kd7 55.Nd5 Bg7 56.Nb6+ Ke6 57.Na4 c4 58.Nb2 c3 59.Nd3 c2 60.Nc5+ Kf6 61.
Nb3 Bh6 62.g7 Kxg7 63.Kxe5 c1=Q 64.Nxc1 Bxc1 65.Kd4 Bd2 66.Kc4 Kf6 67.Kb3 
Ke5 68.Kc2 Bc3 69.Kb3 Kd4 70.Kc2 Kc4 71.Kc1 Kb3 72.Kb1 Ka3 73.Kc2 Ka2 74.
Kd3 b3 75.Kxc3 b2 76.Kd4 b1=Q 77.Ke5 Kb3 78.Kd4 Qf5 79.Ke3 Kc3 80.Ke2 Qf4 
81.Ke1 Kd3 82.Kd1 Qd2# 0-1

[Event "8th EUR-ch"]
[Site "Dresden GER"]
[Date "2007.04.13"]
[Round "10.177"]
[White "Almond, Richard"]
[Black "Hartoch, Robert"]
[Result "1/2-1/2"]
[WhiteElo "2088"]
[BlackElo "2242"]
[EventDate "2007.04.03"]
[PlyCount "28"]

1.d4 d6 2.c4 e5 3.d5 Be7 4.e4 a5 5.Bd3 Bg5 6.Nc3 Na6 7.Nge2 Bxc1 8.Rxc1 
Nf6 9.Ng3 h5 10.h4 Bd7 11.Bc2 g6 12.Ba4 O-O 13.Bxd7 Qxd7 14.Nf1 Nc5 
1/2-1/2

[Event "8th EUR-ch"]
[Site "Dresden GER"]
[Date "2007.04.13"]
[Round "10.178"]
[White "Lochte, Thomas"]
[Black "Godoj, Veit"]
[Result "1-0"]
[WhiteElo "2221"]
[BlackElo "2113"]
[EventDate "2007.04.03"]
[PlyCount "53"]

1.e4 e5 2.Nf3 Nc6 3.Bb5 a6 4.Ba4 Nf6 5.d4 exd4 6.c3 d3 7.Qxd3 b5 8.Bb3 d6 
9.a4 Rb8 10.axb5 axb5 11.Na3 Bd7 12.Nxb5 Be7 13.Bc4 O-O 14.O-O Ng4 15.Bf4 
Kh8 16.Rfd1 f6 17.b4 Nge5 18.Nxe5 fxe5 19.Bg3 h5 20.h3 g5 21.Qe2 Kg7 22.
Qxh5 Nxb4 23.cxb4 Bf6 24.Nxd6 cxd6 25.Rxd6 Qe7 26.Raa6 Rh8 27.Qd1 1-0

[Event "8th EUR-ch"]
[Site "Dresden GER"]
[Date "2007.04.13"]
[Round "10.179"]
[White "Mayer, Frank"]
[Black "Klokas, Konstantinos"]
[Result "0-1"]
[WhiteElo "2076"]
[BlackElo "2219"]
[EventDate "2007.04.03"]
[PlyCount "106"]

1.e4 c5 2.Nf3 Nc6 3.d4 cxd4 4.Nxd4 Nf6 5.Nc3 e5 6.Ndb5 d6 7.Bg5 a6 8.Na3 
b5 9.Bxf6 gxf6 10.Nd5 Bg7 11.g3 Ne7 12.Ne3 Bb7 13.Bg2 f5 14.exf5 Bxg2 15.
Nxg2 Nxf5 16.Qg4 Qf6 17.O-O d5 18.c3 O-O 19.Ne3 Nxe3 20.fxe3 Qg6 21.Qxg6 
hxg6 22.Nc2 Rfd8 23.a4 Rab8 24.Nb4 Rd6 25.Rfd1 d4 26.axb5 axb5 27.exd4 
exd4 28.Rd3 Re8 29.Rad1 Re2 30.R3d2 Rxd2 31.Rxd2 Bh6 32.Rd3 dxc3 33.Rxc3 
Rd1+ 34.Kf2 Rd2+ 35.Kf3 Rxb2 36.Nd3 Rxh2 37.Rb3 Rh5 38.g4 Rh3+ 39.Ke4 Re3+
40.Kd4 Rg3 41.Rxb5 Rxg4+ 42.Kc3 Bg7+ 43.Kd2 f5 44.Ke2 Re4+ 45.Kf3 Bh6 46.
Nf2 Re3+ 47.Kg2 Kf7 48.Rb7+ Kf6 49.Rb6+ Re6 50.Rb5 g5 51.Kf3 Ra6 52.Rb3 
Bf8 53.Rc3 Ra3 0-1

[Event "8th EUR-ch"]
[Site "Dresden GER"]
[Date "2007.04.13"]
[Round "10.180"]
[White "Kaphle, Sebastian"]
[Black "Makoli, Perparim"]
[Result "0-1"]
[WhiteElo "2010"]
[BlackElo "2245"]
[EventDate "2007.04.03"]
[PlyCount "108"]

1.e4 c5 2.Nf3 e6 3.d4 cxd4 4.Nxd4 a6 5.Bd3 Nf6 6.O-O Qc7 7.Qe2 d6 8.Kh1 
Be7 9.f4 Nc6 10.Nxc6 bxc6 11.Nc3 Nd7 12.Bd2 e5 13.Rad1 exf4 14.Bxf4 Ne5 
15.Qd2 Be6 16.Ne2 Ng6 17.Be3 O-O 18.Nd4 Bf6 19.c3 Be5 20.Nf3 a5 21.Bb1 
Rfd8 22.Qe2 h6 23.Rd2 Bg4 24.Qf2 Rab8 25.Nh4 Nxh4 26.Qxh4 Be6 27.Rfd1 f6 
28.Qf2 Rb7 29.Bd4 Bg4 30.Re1 Rdb8 31.Bd3 Qf7 32.h3 Be6 33.Bxe5 dxe5 34.b3 
Qe7 35.Qe2 Qc5 36.Rc2 Rd7 37.Rd1 Rbd8 38.Kh2 Kh8 39.Qf1 a4 40.b4 Qe3 41.
Be2 Qxe4 42.Rxd7 Rxd7 43.Bd1 Bc4 44.Qf3 Qg6 45.Qh5 Qd3 46.Bg4 Rd8 47.Rf2 
Qd6 48.Kh1 e4 49.Be2 Bxa2 50.Qg6 Bb1 51.Rf1 Bd3 52.Rd1 a3 53.Bg4 f5 54.
Qxf5 a2 0-1

[Event "8th EUR-ch"]
[Site "Dresden GER"]
[Date "2007.04.13"]
[Round "10.181"]
[White "Potapov, Alexander"]
[Black "Kostopoulos, Evangellos"]
[Result "1-0"]
[WhiteElo "2515"]
[BlackElo "2120"]
[EventDate "2007.04.03"]
[PlyCount "55"]

1.d4 d5 2.c4 e5 3.dxe5 d4 4.Nf3 Nc6 5.g3 Bg4 6.Bg2 Qd7 7.O-O O-O-O 8.a3 
Nge7 9.Qa4 Kb8 10.Bf4 h6 11.Rd1 Qf5 12.Qb3 Qc8 13.a4 g5 14.Bc1 Ng6 15.Na3 
Ngxe5 16.Nc2 d3 17.Nxe5 Nxe5 18.Rxd3 Nxd3 19.exd3 Bc5 20.Qb5 Be7 21.Be3 
Rxd3 22.Nd4 Bd7 23.Qa5 c5 24.Nb5 a6 25.Qb6 axb5 26.axb5 Rd6 27.Qa5 Bc6 28.
b6 1-0

[Event "8th EUR-ch"]
[Site "Dresden GER"]
[Date "2007.04.13"]
[Round "10.183"]
[White "Boettger, Lukas"]
[Black "Bente, Bjoern"]
[Result "0-1"]
[WhiteElo "2108"]
[BlackElo "2238"]
[EventDate "2007.04.03"]
[PlyCount "122"]

1.d4 g6 2.c4 Bg7 3.e4 d6 4.Nc3 e5 5.Nge2 Nd7 6.Be3 Nh6 7.f3 f5 8.Qd2 Nf7 
9.d5 Nf6 10.exf5 gxf5 11.h3 f4 12.Bf2 O-O 13.O-O-O Bf5 14.g4 fxg3 15.Nxg3 
Bg6 16.h4 Nh5 17.Nge4 Nf4 18.Be2 Kh8 19.Rdg1 Qd7 20.Be3 Nh6 21.h5 Bf5 22.
Bd1 Ng8 23.Kb1 Bh6 24.Ka1 Nf6 25.Ng3 Rg8 26.Nxf5 Qxf5 27.Bc2 Rxg1+ 28.Rxg1
Qxh5 29.Bxf4 Bxf4 30.Qd3 a6 31.Ne4 Nxe4 32.Qxe4 Rg8 33.Rxg8+ Kxg8 34.a3 
Qf7 35.Qe2 h5 36.Qg2+ Kf8 37.Qh3 Kg7 38.Be4 b6 39.Ka2 a5 40.Qh4 Kh6 41.Bd3
Bg5 42.Qe4 Bf4 43.Qe2 h4 44.Qg2 Bg3 45.Be4 Qe7 46.Bc2 Kg7 47.Bb1 Kf8 48.
Bd3 Ke8 49.Kb1 Kd8 50.Ka2 Kc8 51.Qc2 Kb8 52.Bf5 Qf7 53.Qe4 Ka7 54.Qg4 Bf2 
55.Be4 Kb7 56.Bf5 b5 57.Bd3 Bd4 58.Kb1 bxc4 59.Be4 Qe8 60.Qxh4 Qb5 61.Qh2 
c3 0-1

[Event "8th EUR-ch"]
[Site "Dresden GER"]
[Date "2007.04.13"]
[Round "10.184"]
[White "Glantz, Robert"]
[Black "Sejkora, Vlastimil"]
[Result "0-1"]
[WhiteElo "1991"]
[BlackElo "2219"]
[EventDate "2007.04.03"]
[PlyCount "124"]

1.e4 c5 2.Nf3 d6 3.d4 cxd4 4.Nxd4 Nf6 5.Nc3 a6 6.Be3 e6 7.g4 Nc6 8.g5 Nd7 
9.h4 Be7 10.Qd2 Qc7 11.O-O-O b5 12.Bd3 Nc5 13.Bxb5 axb5 14.Ndxb5 Qa5 15.
Nxd6+ Kf8 16.f4 Ba6 17.Bxc5 Qxc5 18.e5 Rb8 19.Nce4 Qb6 20.b3 h5 21.gxh6 
Rxh6 22.Ng5 Nd8 23.Rh3 Qc5 24.Kb1 f6 25.Nge4 Qb4 26.c3 Qa3 27.Rg1 Nf7 28.
Rhg3 Rh7 29.Nxf7 Kxf7 30.exf6 gxf6 31.Qc2 f5 32.Ng5+ Bxg5 33.Rxg5 Qc5 34.
Kb2 Rc8 35.R1g3 Bb7 36.h5 Be4 37.Qd2 Qe7 38.h6 Rd8 39.Qh2 Qf6 40.Qg1 Rd2+ 
41.Ka3 Qxh6 42.Rg8 Rd7 43.R3g6 Qxf4 44.R6g7+ Kf6 45.Qg6+ Ke5 46.Rxh7 Qc1+ 
47.Kb4 Qd2 48.Rxd7 Qxd7 49.Qg7+ Qxg7 50.Rxg7 f4 51.Rd7 f3 52.Rd1 Kf4 53.
Kc5 e5 54.b4 Bc2 55.Ra1 e4 56.b5 e3 57.b6 Be4 58.Rh1 e2 59.Rh4+ Ke3 60.
Rxe4+ Kxe4 61.b7 e1=Q 62.b8=Q Qxc3+ 0-1

[Event "8th EUR-ch"]
[Site "Dresden GER"]
[Date "2007.04.13"]
[Round "10.185"]
[White "Katte, Nicolas"]
[Black "Zweschper, Erich"]
[Result "0-1"]
[WhiteElo "1946"]
[BlackElo "2187"]
[EventDate "2007.04.03"]
[PlyCount "54"]

1.d4 Nf6 2.Nf3 d6 3.Bf4 Nbd7 4.h3 g6 5.e3 Bg7 6.Bd3 O-O 7.c3 Qe8 8.Bg5 e5 
9.Nfd2 h6 10.Bh4 exd4 11.cxd4 Nd5 12.O-O Nxe3 13.Qb3 Nxf1 14.Kxf1 Kh7 15.
Nc3 Bf6 16.Re1 Qd8 17.Bg3 Bxd4 18.Qc4 Be5 19.Bh4 Bf6 20.Bxf6 Nxf6 21.Qh4 
Be6 22.Ne2 Nd5 23.Qe4 c6 24.Nd4 Re8 25.Qf3 Qf6 26.Qxf6 Nxf6 27.N2f3 Bd5 
0-1

[Event "8th EUR-ch"]
[Site "Dresden GER"]
[Date "2007.04.13"]
[Round "10.186"]
[White "Kongevold, Hans"]
[Black "Ringoir, Guy"]
[Result "1-0"]
[WhiteElo "2178"]
[BlackElo "1954"]
[EventDate "2007.04.03"]
[PlyCount "83"]

1.c4 e5 2.Nc3 Nc6 3.Nf3 f5 4.d4 e4 5.Ng5 Be7 6.Nh3 Nf6 7.Bg5 O-O 8.e3 b6 
9.Be2 Bb7 10.O-O d6 11.Nf4 Qd7 12.c5 dxc5 13.Bc4+ Kh8 14.Be6 Qe8 15.Bxf5 
Bd6 16.dxc5 Bxc5 17.Ne6 Rf7 18.Nxc5 bxc5 19.Bxf6 Rxf6 20.Bxe4 Rh6 21.Bf3 
Qe5 22.h3 Rf8 23.Qd5 Qe7 24.Rad1 Na5 25.Qd7 Qf6 26.Nd5 Qg5 27.Qe7 Qxe7 28.
Nxe7 Bxf3 29.gxf3 Rxh3 30.f4 Rh6 31.Rd7 Rb6 32.b3 Nc6 33.Rxc7 Nxe7 34.Rxe7
Ra8 35.Rd1 Ra6 36.Rdd7 Rxa2 37.Kf1 a5 38.Rxg7 a4 39.Rxh7+ Kg8 40.Rdg7+ Kf8
41.f5 Ra6 42.Rc7 1-0

[Event "8th EUR-ch"]
[Site "Dresden GER"]
[Date "2007.04.13"]
[Round "10.187"]
[White "Geske, Julian"]
[Black "Muehle, Hans-Bernd"]
[Result "1/2-1/2"]
[WhiteElo "2176"]
[BlackElo "1944"]
[EventDate "2007.04.03"]
[PlyCount "87"]

1.e4 e5 2.Nf3 Nf6 3.Nxe5 d6 4.Nf3 Nxe4 5.c4 Nf6 6.d4 Qe7+ 7.Be2 g6 8.O-O 
Bg7 9.Nc3 O-O 10.Bg5 Nbd7 11.Qd2 c6 12.Bd3 Re8 13.h3 Qf8 14.b3 b6 15.Rac1 
Bb7 16.b4 a6 17.Be3 c5 18.d5 cxb4 19.Na4 b5 20.cxb5 Nxd5 21.Bd4 Bxd4 22.
Nxd4 Nc5 23.bxa6 Bxa6 24.Nxc5 dxc5 25.Bxa6 Rxa6 26.Nb5 Nc3 27.Nxc3 bxc3 
28.Rxc3 Rd8 29.Qe3 Rxa2 30.Qxc5 Qxc5 31.Rxc5 Rdd2 32.Rc3 h5 33.h4 Kg7 34.
g3 Kh7 35.Rf3 Kg8 36.Rf4 Kg7 37.Rc1 f5 38.Rc7+ Kf6 39.Rc6+ Kf7 40.Rc7+ Kf6
41.Rc6+ Kg7 42.Rb4 Rab2 43.Rxb2 Rxb2 44.Kg2 1/2-1/2

[Event "8th EUR-ch"]
[Site "Dresden GER"]
[Date "2007.04.13"]
[Round "10.188"]
[White "Kaphle, Stephan"]
[Black "Schnoor, Ekkehard"]
[Result "1/2-1/2"]
[WhiteElo "2151"]
[BlackElo "1936"]
[EventDate "2007.04.03"]
[PlyCount "118"]

1.e4 c5 2.Nf3 d6 3.d4 cxd4 4.Nxd4 Nf6 5.Nc3 a6 6.Be3 e5 7.Nb3 Be6 8.f3 
Nbd7 9.g4 Nb6 10.g5 Nh5 11.Qd2 Rc8 12.O-O-O Be7 13.Rg1 O-O 14.Qf2 Rxc3 15.
Bxb6 Bxg5+ 16.Kb1 Bh4 17.Rg3 Bxg3 18.hxg3 Rc7 19.Nc5 Qe7 20.Nxe6 fxe6 21.
Bxc7 Qxc7 22.Bh3 Qe7 23.a3 g6 24.Qb6 Rd8 25.Bxe6+ Kf8 26.Bd5 Rd7 27.Qe3 
Nxg3 28.f4 Nh5 29.fxe5 dxe5 30.Qh6+ Qg7 31.Qe3 Nf4 32.c4 Qe7 33.Rf1 Kg7 
34.b4 Qd6 35.c5 Nxd5 36.Qf3 Qf6 37.Qh3 Qe7 38.exd5 Rxd5 39.Qe3 a5 40.Kb2 
axb4 41.axb4 Rd4 42.Qb3 Qd7 43.b5 Rd3 44.Rf7+ Qxf7 45.Qxd3 Qf2+ 46.Qc2 
Qd4+ 47.Qc3 Qd5 48.Ka3 Kf7 49.b6 Ke8 50.c6 Qd6+ 51.Kb3 bxc6 52.b7 Qd5+ 53.
Qc4 Qd1+ 54.Ka3 Qa1+ 55.Kb4 Qb2+ 56.Qb3 Qd4+ 57.Ka3 Qa1+ 58.Kb4 Qd4+ 59.
Ka3 Qa1+ 1/2-1/2